|
|
|
|
| LEADER |
00643nta a2200181 i 4500 |
| 001 |
dipl121985 |
| 005 |
20220222092258.0 |
| 008 |
220209suuuu hu om 0|| zxx d |
| 040 |
|
|
|a SZTE Diploma Repozitórium
|b hun
|
| 041 |
|
|
|a zxx
|
| 100 |
1 |
|
|a Lőrinc Sándor
|
| 245 |
1 |
2 |
|a A gümőkormentesítés közgazdasági és közegészségügyi jelentősége
|h [elektronikus dokumentum] /
|c Sándor Lőrinc
|
| 650 |
|
4 |
|a Agrár
|
| 650 |
|
4 |
|a Agricultural sciences
|
| 650 |
|
4 |
|a Veterinary science
|
| 650 |
|
4 |
|a Animal health
|
| 700 |
1 |
|
|a nincs megadva
|e ths
|
| 856 |
4 |
0 |
|u http://diploma.bibl.u-szeged.hu/id/eprint/121985/1/xxxx_lorinc_sandor.pdf
|z Dokumentum-elérés
|